000
00307nam a22001217a 4500
008
180518b xxu||||| |||| 00| 0 eng d
041
_a
eng
080
_a
043.3
100
_a
0
101
_a
MBE-BA
245
_a
Modelimi i Kercenimeve sipas teknikes Microsoft Threat Modeling
_c
Preniqi, N
942
_2
udc
_c
BK
999
_c
45943
_d
45943